000 00820na a2200241 4500
001 15425
003 MIRAKIL
005 20181213155153.0
008 161019b tu 000 0
035 _a15425
040 _aMilas
_btur
_cTR-AnCHP
041 _atur
082 _a324.172
_bS67s 1985
090 _a324.172 S67s 1985
111 _aSosyal Demokrasi Partisi (SODEP)
_cAnkara
_d1985
245 _aSosyal Demokrasi Partisi (SODEP)
_bİkinci olağan küçük kongresi 12- 13- 14 -Nisan- 1985 Ankara
_cSosyal Demokrasi Partisi
246 _aİkinci olağan küçük kongresi 12- 13- 14 -Nisan- 1985 Ankara
260 _aAnkara
_b[yayl. y.]
_c1985
300 _a239 s.
_c29 sm.
610 _aSosyal Demokrasi Partisi (SODEP)
_xKongreler, 2
650 _aSiyasal partiler
_xKongreler
_zTürkiye
942 _2ddc
_cBKS
999 _c7906
_d7906